000 00639nam a2200217Ia 4500
001 16945
003 GE_BSU
008 181216s||||||||xx |||||||||||||| ||und||
040 _cGE_BSU
080 _a821.353.1-11
100 _aბარათაშვილი, ნ. (ნიკოლოზ, 1817-1845)
245 _aბედი ქართლისა
245 _bპოემა
260 _aთბილისი
260 _bსაბჭ. საქართველო
260 _c1958
300 _a36 გვ. ; 20 სმ.
653 _aბედი ქართლისა
653 _aპოემა
942 _cBK
999 _c50008
_d50008